| 000 | 00916nas a2200277 4500 | ||
|---|---|---|---|
| 001 | BR2015001031 | ||
| 003 | BR-BrBNA | ||
| 005 | 20231205125114.0 | ||
| 007 | ta | ||
| 008 | 230509b bl.|||p| |||| 00| 00por d | ||
| 040 |
_aBR-BrBNA _bpor _cBiblioteca Nacional de Agricultura |
||
| 041 | _a(Pt) | ||
| 072 | _aP10; F01 | ||
| 100 | 1 | _aMingoti, R. | |
| 100 | 1 | _aDuarte, S.N. | |
| 100 | 1 | _aMiranda, J.H. de | |
| 100 | 1 | _aCruciani, D.E. | |
| 245 | 1 | _aDimensionamento econômico de profundidades e espaçamentos de drenos para a produção de cana-de-açúcar | |
| 650 | _aDRENAGEM | ||
| 650 | _aSACCHARUM OFFICINARUM | ||
| 650 | _aLENÇOL FREÁTICO | ||
| 650 | _aCONDUTIVIDADE HIDRÁULICA | ||
| 773 | 0 |
_tRevista Brasileira de Engenharia Agrícola e Ambiental (Brasil) _xISSN 1415-4366 _g(Jul-Sep 2006), v. 10(3) p. 535-540 _wBR2015001031 |
|
| 909 |
_a202311 _bLúcia _c55 _dLúcia Elande |
||
| 942 |
_2AGRIS _n0 _cANA |
||
| 999 |
_c242654 _d242654 |
||